Mendorong anak suka membaca

Bibliographic Details
Main Authors: Fazeila Isa (Author), Zamri Mohamad (Author)
Format: Book
Published: Selangor : PTS Publishing House Sdn Bhd 2023
Subjects:

MARC

LEADER 00000cam a2200000 7i4500
001 0000093320
005 20231210125124.0
008
020 |a 9786297564302 (  |q (paperback)) 
040 |e rda 
041 |a Malay 
090 0 0 |a 372.4   |b FAZ 
100 0 |a Fazeila Isa ,   |e (author) 
245 1 0 |a Mendorong anak suka membaca   |c Fazeila Isa 
264 1 |a Selangor :   |b PTS Publishing House Sdn Bhd   |c 2023 
300 |a 267 pages :   |b color illustrations ;   |c 19 cm. 
336 |a text  |2 rdacontent 
337 |a unmediated  |2 rdamedia 
338 |a volume  |2 rdacarrier 
500 |a Contain verses from the Qur'an and quotes from the Hadith 
541 |c Purchased on 2023   |f 00732 NAQ   |h RM38.00 
650 0 |a Reading interests 
650 0 |a Reading   |x Parent participation 
700 1 |a Zamri Mohamad ,   |e (author) 
730 0 |a Title 
999 |a 0001747030   |b Book   |c Adult Collection   |e Perbadanan Perpustakaan Awam Johor 
999 |a 0001747087   |b Book   |c Adult Collection   |e Cawangan Urban Transformation Centre 
999 |a 0001747088   |b Book   |c Adult Collection   |e Cawangan AEON Kulaijaya 
999 |a 0001747089   |b Book   |c Adult Collection   |e Cawangan Batu Pahat 
999 |a 0001747090   |b Book   |c Adult Collection   |e Cawangan Bandar Tenggara 
999 |a 0001747091   |b Book   |c Adult Collection   |e Cawangan Kota Tinggi 
999 |a 0001747092   |b Book   |c Adult Collection   |e Cawangan Tmn. Ungku Tun Aminah 
999 |a 0001747093   |b Book   |c Adult Collection   |e Cawangan Bukit Gambir 
999 |a 0001747094   |b Book   |c Adult Collection   |e Cawangan Pontian 
999 |a 0001747095   |b Book   |c Adult Collection   |e Cawangan Bandar Penawar 
999 |a 0001747096   |b Book   |c Adult Collection   |e Cawangan Muar 
999 |a 0001747097   |b Book   |c Adult Collection   |e Perbadanan Perpustakaan Awam Johor 
999 |a 0001747098   |b Book   |c Adult Collection   |e Cawangan Taman Sri Lambak 
999 |a 0001747099   |b Book   |c Adult Collection   |e Cawangan Tangkak 
999 |a 0001747100   |b Book   |c Adult Collection   |e Cawangan Segamat 
999 |a 0001747101   |b Book   |c Adult Collection   |e Cawangan Mersing